Odmeňovanie zamestnancov v podnikateľských subjektov
Definícia problémov odmeňovania podľa zákona č. 311/2001 Z.z. v znení zákonov č. 165/2002 Z.z. a č. 210/2003 Z.z. Zákonníka práce. Dohodnutie systému odmeňovania. Aplikácia systému odmeňovania v praxi. Praktické príklady.
Saved in:
| Main Author: | |
|---|---|
| Format: | Book Chapter |
| Language: | Slovak |
| Subjects: | |
| Tags: |
No Tags, Be the first to tag this record!
|
MARC
| LEADER | 00000naa$a2200000$$$4500 | ||
|---|---|---|---|
| 001 | 0003880 | ||
| 005 | 20231003110048.4 | ||
| 041 | 0 | |a slo | |
| 044 | |a SK | ||
| 245 | 1 | 0 | |a Odmeňovanie zamestnancov v podnikateľských subjektov |c aut. Jolana Strýčková |
| 520 | |a Definícia problémov odmeňovania podľa zákona č. 311/2001 Z.z. v znení zákonov č. 165/2002 Z.z. a č. 210/2003 Z.z. Zákonníka práce. Dohodnutie systému odmeňovania. Aplikácia systému odmeňovania v praxi. Praktické príklady. | ||
| 610 | 2 | 0 | |a odmeňovanie |
| 610 | 2 | 0 | |a zákonník práce |
| 610 | 2 | 0 | |a podnikanie |
| 610 | 2 | 0 | |a podnikatelia |
| 610 | 2 | 0 | |a mzdy |
| 100 | 1 | |a Strýčková, Jolana | |